Rugby World Cup Top 4 Positions By Year - Statistics

General Stats
  • This quiz has been taken 388 times
    123 since last reset
  • The average score is 30 of 40
Answer Stats
Answer % Correct
1987 New Zealand
98%
1991 Australia
94%
2011 New Zealand
93%
2023 South Africa
93%
2003 England
92%
2015 New Zealand
92%
1999 Australia
90%
2015 Australia
90%
2019 England
90%
2023 New Zealand
90%
1995 South Africa
90%
2007 South Africa
90%
2019 South Africa
90%
2007 England
88%
1995 New Zealand
88%
2003 Australia
87%
1987 France
86%
2011 France
86%
1991 England
84%
1999 France
82%
2019 New Zealand
76%
2023 England
75%
2003 New Zealand
70%
1991 New Zealand
69%
2015 South Africa
69%
1987 Wales
69%
1995 France
67%
2011 Australia
66%
2007 Argentina
63%
2023 Argentina
63%
1987 Australia
59%
1999 South Africa
59%
2019 Wales
59%
2007 France
55%
2015 Argentina
54%
1995 England
54%
1999 New Zealand
54%
1991 Scotland
54%
2003 France
53%
2011 Wales
51%
No matching quizzes found
Score Distribution
Percent of People with Each Score
Percentile by Number Answered
Your Score History
You have not taken this quiz since the last reset